000
00331 a2200145 4500
001
180107
020
_a
040
_c
Magnum
100
_a
Davidson, Alice Joyce
240
1
0
_a
A historia da ovelha desgarrada
_l
por
245
1
0
_a
A historia da ovelha desgarrada
362
0
_a
1899
697
_a
MAGNITO: IJ/POESIA
942
_c
BK
999
_c
180107
_d
180107